| 000 | 01210pam a2200301 a 4500 | ||
|---|---|---|---|
| 001 | 1508342 | ||
| 005 | 20020824181921.0 | ||
| 008 | 890629s1990 enka | b 001 0 eng d | ||
| 010 | _a 89017314 | ||
| 020 | _a9780521365956 | ||
| 020 | _a9780521063326 | ||
| 040 |
_aDLC _cDLC _dDLC |
||
| 050 | 0 | 0 |
_aJX1291 _b.M3795 1990 |
| 082 | 0 | 0 |
_a327 _220 _bMAO |
| 100 | 1 |
_aMaoz, Zeev. _915610 |
|
| 245 | 1 | 0 |
_aNational Choices and International Processes / _cZeev Maoz. |
| 260 |
_aCambridge [England] : _bCambridge University Press, _cc1990. |
||
| 300 |
_axviii, 609 p. : _bill. ; _c24 cm. |
||
| 490 | 0 |
_aCambridge studies in international relations ; _n8 _915611 |
|
| 504 | _aIncludes bibliographical references (p. 566-587) and indexes. | ||
| 541 | _aBacca ; | ||
| 650 | 0 |
_aInternational relations _xResearch. _915612 |
|
| 856 | 4 | 2 |
_3Publisher description _uhttp://www.loc.gov/catdir/description/cam023/89017314.html |
| 856 | 4 | 1 |
_3Table of contents _uhttp://www.loc.gov/catdir/toc/cam022/89017314.html |
| 942 |
_2ddc _cBB |
||
| 999 |
_c14319 _d14319 |
||